Rodent outbreaks : Ecology and impacts

This book is timely because, in recent years, population outbreaks of rodents in the rice-cropping systems of Asia have escalated. There has been precious little formal documentation of the factors that lead to rodent population outbreaks, their veloping countries.

Na minha lista:
Detalhes bibliográficos
Formato: Livro
Idioma:Undetermined
Publicado em: Metro Manila, Philippines Rice Res. Inst 2010
Assuntos:
Tags: Adicionar Tag
Sem tags, seja o primeiro a adicionar uma tag!
Thư viện lưu trữ: Trung tâm Học liệu Trường Đại học Cần Thơ
LEADER 00859nam a2200217Ia 4500
001 CTU_191444
008 210402s9999 xx 000 0 und d
082 |a 632.9 
082 |b R687 
245 0 |a Rodent outbreaks : 
245 0 |b Ecology and impacts 
245 0 |c Grant R. Singleton 
260 |a Metro Manila, Philippines 
260 |b Rice Res. Inst 
260 |c 2010 
520 |a This book is timely because, in recent years, population outbreaks of rodents in the rice-cropping systems of Asia have escalated. There has been precious little formal documentation of the factors that lead to rodent population outbreaks, their veloping countries. 
650 |a Rodents,Động vật gặm nhấm 
650 |x Ecology,Sinh thái 
650 |z Asia,Châu Á 
904 |i Qhieu 
980 |a Trung tâm Học liệu Trường Đại học Cần Thơ